| 000 | 01529cam a22003497a 4500 | ||
|---|---|---|---|
| 001 | 616 | ||
| 005 | 20230627090426.0 | ||
| 008 | 121129s2012 nyua j 6 000 f eng d | ||
| 020 | _a9780399255236 | ||
| 020 | _a0399255230 | ||
| 040 |
_aBTCTA _beng _cBTCTA _dYEQ _dCPG _dUPZ _dDLC _dDLC _dFISKH |
||
| 050 | 0 | 0 |
_aPZ7.R32875 _bBir 2012 |
| 082 | 0 | 4 |
_a741.5973 _223 |
| 100 | 1 | _aRex, Michael. | |
| 245 | 1 | 4 |
_aThe birthday party of dread / _cMichael Rex.. |
| 260 |
_aNew York : _bG. P. Putnam's Songs, _c2012. |
||
| 300 |
_a122 pages : _bcolor illustrations ; _c19 cm. |
||
| 490 | 0 |
_aFangbone! third-grade barbarian ; _v3 |
|
| 505 | _aF | ||
| 520 | _a"Fangbone and his friends are full of project ideas for Eastwood Elementary's "Invention Convention". Unfortunately, the evil Venomous Drool has ideas of his own, like sending a horrible creature to crush Fangbone! But when a misdirected spell at a birthday party sends the terrifying monster to attack Bill instead, Fangbone must invent a way to save his best friend--and fast!"--P. [4] of cover. | ||
| 521 |
_a350
_bLexile GN |
||
| 521 |
_aF
_bRaz-Plus |
||
| 650 | 0 |
_aExtraterrestrial beings _vComic books, strips, etc. |
|
| 650 | 0 |
_aExtraterrestrial beings _vJuvenile fiction. |
|
| 650 | 0 |
_aMonsters _vComic books, strips, etc. |
|
| 650 | 0 |
_aMonsters _vJuvenile fiction. |
|
| 650 | 1 | _aGraphic novels. | |
| 655 | 0 | _aScience fiction comic books, strips, etc. | |
| 655 | 7 |
_aGraphic novels. _2lcsh |
|
| 906 |
_a7 _bcbc _ccopycat _d2 _encip _f20 _gy-gencatlg |
||
| 942 |
_2ddc _cBK _n0 |
||
| 999 |
_c616 _d616 |
||